| 000 | 01290 a2200217 4500 | ||
|---|---|---|---|
| 003 | NUST | ||
| 005 | 20221123132803.0 | ||
| 010 | _a 73013896 | ||
| 020 | _a0070105251 | ||
| 040 | _cNust | ||
| 082 | 0 | 0 | _a519.5,CHA |
| 100 | 1 |
_aChao, Lincoln L. _9103428 |
|
| 245 | 1 | 0 |
_aStatistics: methods and analyses / _cLincoln L. Chao. |
| 250 | _a2nd ed. | ||
| 260 |
_aNew York, _bMcGraw-Hill _c[1974] |
||
| 300 |
_axii, 556 p.: _billus. _c24 cm. |
||
| 505 | _aOrientation (Page-1), Sets and Functions (Page-11), Counting Rules and Probabilities (Page-33), Probability Rules and Distributions (Page-51), Measuring of Central Tendency (Page-75), Measure of Dispersion (Page-104), Random Sampling and Sampling Distribution (Page-124), Discrete Probability Distributions (Page-147), The Normal Distribution (Page-173), Statistical Inference Estimation (Page-199), Statistical Inference Hypothesis Testing (Page-221), The Student’s Distribution (Page-254), The Chi-Square Distribution(Page-276), The F Distribution (Page-302), Simple Regression and Correlation (Page-331), Time Series Analysis (Page-362), Utilities and Bayesian Decision Theory (Page-405), Non parametric Methods (Page-436). | ||
| 650 | 0 |
_aMathematical statistics. _961 |
|
| 650 | 0 |
_aStatistics. _969 |
|
| 942 |
_2ddc _cBK _k519.5,CHA |
||
| 999 |
_c193521 _d193521 |
||